000 00333nam a2200133Ia 4500
008 240624s9999 xx 000 0 und d
041 _aeng
082 _a174.4 BRA
100 _aBRANSON RICHARD
245 _aSCREW BUSINESS AS USUAL
260 _c2011
_aNew York
_bPortfolio Penguin
300 _axi, 372 p.; 23 cm.
365 _c
_b38
999 _c30639
_d30639